00387nam a22001337a 4500008004100000020002200041040005500063080001900118245003200137260004100169300001700210650001100227653001500238230627b |||||||| |||| 00| 0 eng d a978-1-4053-2801-2 aNational Science LibrarycNational Science Library aR 912(100)bP9 aConcise atlas of the world  aLondon: bDorling Kindersley, c2001 axxxii, 350p. aAtlas  aGeography